000 00555nam a2200145 4500
008 021126s1993 cc chi
020 _a7532713210 /Z.066
090 0 _aPL1455
_bEn3l
_b1993
245 1 0 _a英汉大词典 The English-Chinese dictionary :
_b(unabridged) {ch} /
_c陆谷孙 edited by Chen Gu Sun.
260 _aChina 上海译文出版社:
_b,
_cC1993.
300 _a2308 p.
650 4 _aEnglish language
_xDictionaries
_xChinese language{ch}.
700 1 _aChen Gu Sun
951 _pC-4251
_oPL1455/En3l/1993
_j070613111204562
_d2000-12-21
_cREF-CH
999 _c13857
_d13857